000 00634nam a2200229Ia 4500
008 160319s9999 xx 000 0 und d
100 _aKnowledge Adventure, Inc.
245 _aBug Adventure /
260 _aLa Crescenta, CA :
260 _bKnowledge Adventure Inc.
260 _c1995
300 _a1 computer optical disc :
300 _bsound, colored ;
300 _c4 3/4 in.
300 _e1 user guide.
500 _aAges 3-8.
650 _aCD-ROM -- Multimedia Personal Computer (MPC) --
650 _aInsects --
650 _aInsects.
650 _xJuvenile literature.
650 _xJuvenile literature.
999 _c292713
_d292713